Income diversity and farming systems : modelling of farming households in Lombok, Indonesia (Record no. 76459)

MARC details
000 -LEADER
fixed length control field 01082nam a2200193 a 4500
008 - FIXED-LENGTH DATA ELEMENTS--GENERAL INFORMATION
fixed length control field 120416s1997 ||||||||||||||||| || u
020 ## - INTERNATIONAL STANDARD BOOK NUMBER
International Standard Book Number 9068321153
050 ## - LIBRARY OF CONGRESS CALL NUMBER
Classification number HD 2085.L65 Mei
100 ## - MAIN ENTRY--PERSONAL NAME
Personal name Meindertsma, Jan Douwe
245 10 - TITLE STATEMENT
Title Income diversity and farming systems : modelling of farming households in Lombok, Indonesia
260 ## - PUBLICATION, DISTRIBUTION, ETC.
Place of publication, distribution, etc. The Netherlands:
Name of publisher, distributor, etc. Royal Tropical Institute
Date of publication, distribution, etc. 1997
300 ## - PHYSICAL DESCRIPTION
Extent xvi, 239 pages : illustrations
350 ## -
-- 0.00
650 ## - SUBJECT ADDED ENTRY--TOPICAL TERM
Topical term or geographic name entry element AGRICULTURE
650 #0 - SUBJECT ADDED ENTRY--TOPICAL TERM
Topical term or geographic name entry element AGRICULTURE--ECONOMIC ASPECTS--INDONESIA--LOMBOK--MATHEMATICAL MODELS
995 ## -
-- MAIN LIBRARY OPEN ACCESS
-- 0.00
-- 38511
-- CBU-MAIN LIBRARY (Kitwe)
-- 1
-- 0.00
-- HD 2085.L65 Mei
-- 2
-- AVAILABLE
-- Oct 13, 2010
-- 38511
-- Main Library Open Access Collection
995 ## -
-- MAIN LIBRARY OPEN ACCESS
-- 0.00
-- 48666
-- CBU-MAIN LIBRARY (Kitwe)
-- 1
-- 0.00
-- HD 2085.L65 Mei
-- 3
-- AVAILABLE
-- Oct 13, 2010
-- 48666
-- Main Library Open Access Collection
995 ## -
-- ANNEX COLLECTION (Main Library)
-- 0.00
-- 735093
-- CBU-MAIN LIBRARY (Kitwe)
-- 1
-- 20.00
-- HD 2085.L65 MEI
-- 1
-- AVAILABLE
-- 38512
-- Annex Low-Usage Collection
999 ## -
-- 76459
-- 76459
Holdings
Withdrawn status Lost status Source of classification or shelving scheme Damaged status Not for loan Permanent Location Current Location Shelving location Date acquired Total Checkouts Full call number Barcode Date last seen Copy number Price effective from Koha item type
          CBU-MAIN LIBRARY, KITWE. CBU-MAIN LIBRARY, KITWE.   04/25/2023   HD 2085.L65 Mei 38511 04/25/2023 1 04/25/2023 MONOGRAPH
          CBU-MAIN LIBRARY, KITWE. CBU-MAIN LIBRARY, KITWE.   04/25/2023   HD 2085.L65 Mei 48666 04/25/2023 2 04/25/2023 MONOGRAPH
          CBU-MAIN LIBRARY, KITWE. CBU-MAIN LIBRARY, KITWE.   04/25/2023   HD 2085.L65 Mei 38512 04/25/2023 3 04/25/2023 MONOGRAPH